[Event "IECC O-3757"]
[Site "IECC email"]
[Date "2013.08.15"]
[Round "?"]
[White "Lagarejos Santano, Jose Manuel"]
[Black "Nichols, Christopher Alan"]
[Result "0-1"]
[WhiteElo "1481"]
[BlackElo "1353"]
[PlyCount "76"]
[EventDate "2013.??.??"]
[EventType "swiss (corr)"]
[EventRounds "2"]
[SourceTitle "Telechess CBM 165"]
[Source "ChessBase"]
[SourceDate "2015.03.11"]
[SourceVersion "1"]
[SourceVersionDate "2015.03.11"]
[SourceQuality "1"]
[WhiteTeam "Spain"]
[BlackTeam "US of America"]
[WhiteTeamCountry "ESP"]
[BlackTeamCountry "USA"]

1. e4 e5 2. Nf3 Nc6 3. Nc3 g6 4. g3 Bg7 5. Bg2 Nf6 6. a3 0-0 7. 0-0 d5 8. d3 d4 9. Ne2 Qd6 10. Bd2 a5 11. Qc1 Re8 12. c3 Bd7 13. Re1 dxc3 14. Qxc3 Be6 15. Ng5 Bh6 16. f4 Bxg5 17. fxg5 Ng4 18. h3 Red8 19. Nc1 Nd4 20. a4 c5 21. hxg4 Bxg4 22. Be3 b6 23. Ra3 Qe7 24. Rf1 Qe6 25. Kh2 Ra7 26. Rf6 Qc8 27. Qd2 Rb7 28. b3 Be6 29. Kg1 Qd7 30. Ra1 Bxb3 31. Bxd4 Qxd4+ 32. Kh2 Qxa1 33. Nxb3 Qxa4 34. Qc2 Qd7 35. Bh3 Qxd3 36. Qxd3 Rxd3 37. Nc1 Rd2+ 38. Bg2 c4 0-1

[Event "IECC O-3578"]
[Site "IECC email"]
[Date "2013.01.28"]
[Round "?"]
[White "Nichols, Christopher Alan"]
[Black "Che, Tai"]
[Result "1-0"]
[WhiteElo "1324"]
[BlackElo "1340"]
[PlyCount "87"]
[EventDate "2013.??.??"]
[EventType "swiss (corr)"]
[EventRounds "2"]
[SourceTitle "Telechess CBM 165"]
[Source "ChessBase"]
[SourceDate "2015.03.11"]
[SourceVersion "1"]
[SourceVersionDate "2015.03.11"]
[SourceQuality "1"]
[WhiteTeam "US of America"]
[BlackTeam "Canada"]
[WhiteTeamCountry "USA"]
[BlackTeamCountry "CAN"]

1. e4 c5 2. Nf3 d6 3. d4 cxd4 4. Nxd4 Nc6 5. Nc3 a6 6. Bc4 e6 7. 0-0 Nf6 8. Be3 Be7 9. a4 0-0 10. Kh1 Ne5 11. Be2 Qc7 12. f4 Nc4 13. Bxc4 Qxc4 14. Qd3 Qxd3 15. cxd3 e5 16. Nf3 Ng4 17. Bd2 b6 18. Nd5 Bd8 19. Bb4 exf4 20. Bxd6 Re8 21. Bxf4 Bb7 22. Nc7 Bxc7 23. Bxc7 Ne3 24. Rf2 Rac8 25. Bxb6 Nc2 26. Rd1 h6 27. h3 Re6 28. a5 Rf6 29. Rc1 Nb4 30. Rxc8+ Bxc8 31. Rd2 Rc6 32. Kh2 f6 33. Nd4 Rc1 34. g4 Re1 35. Bc5 Na2 36. b3 Nc1 37. Ba3 Bd7 38. b4 Ba4 39. b5 Nxd3 40. bxa6 Rxe4 41. a7 Re8 42. Rxd3 Ra8 43. Bc5 Kf7 44. Rd2 1-0

[Event "IECC O-3547"]
[Site "IECC email"]
[Date "2012.11.28"]
[Round "?"]
[White "Nichols, Christopher Alan"]
[Black "Kellaway, Ted"]
[Result "1-0"]
[WhiteElo "1296"]
[BlackElo "1117"]
[PlyCount "72"]
[EventDate "2012.??.??"]
[EventType "swiss (corr)"]
[EventRounds "2"]
[SourceTitle "Telechess CBM 165"]
[Source "ChessBase"]
[SourceDate "2015.03.11"]
[SourceVersion "1"]
[SourceVersionDate "2015.03.11"]
[SourceQuality "1"]
[WhiteTeam "US of America"]
[BlackTeam "South Africa"]
[WhiteTeamCountry "USA"]
[BlackTeamCountry "RSA"]

1. c4 e5 2. Nc3 Nf6 3. Nf3 Nc6 4. g3 Bb4 5. Bg2 0-0 6. 0-0 d6 7. Nd5 Bc5 8. d3 h6 9. a3 a5 10. Be3 Bxe3 11. Nxe3 d5 12. cxd5 Nxd5 13. Nc4 Re8 14. Rc1 Bg4 15. Qb3 b6 16. Nxb6 cxb6 17. Rxc6 Rb8 18. Rfc1 Qd7 19. Qc4 Rbd8 20. Rc2 Be6 21. Nxe5 Ne7 22. Nxd7 Bxc4 23. Rc7 Bd5 24. Nxb6 Bxg2 25. Kxg2 Kh7 26. Kf1 Rd6 27. Nc4 Ra6 28. Ne3 f5 29. R2c5 Kg6 30. Re5 Kf6 31. Rexe7 Re6 32. Rf7+ Kg6 33. Rxg7+ Kf6 34. Rgf7+ Kg6 35. Nd5 Kg5 36. h4+ Kg4 1-0

[Event "IECC KO-2116"]
[Site "IECC email"]
[Date "2011.12.09"]
[Round "?"]
[White "Philips, Justin"]
[Black "Nichols, Christopher Alan"]
[Result "1-0"]
[WhiteElo "1643"]
[BlackElo "1302"]
[PlyCount "49"]
[EventDate "2011.??.??"]
[EventType "match (corr)"]
[EventRounds "2"]
[SourceTitle "Telechess CBM 165"]
[Source "ChessBase"]
[SourceDate "2015.03.11"]
[SourceVersion "1"]
[SourceVersionDate "2015.03.11"]
[SourceQuality "1"]
[WhiteTeam "India"]
[BlackTeam "US of America"]
[WhiteTeamCountry "IND"]
[BlackTeamCountry "USA"]

1. c4 e5 2. g3 d5 3. cxd5 Qxd5 4. Nf3 Bc5 5. Nc3 Qe6 6. d4 exd4 7. Nxd4 Qe5 8. Ndb5 Bb4 9. a3 Qxb5 10. axb4 Qxb4 11. Ra4 Qb6 12. Nd5 Qc6 13. Bf4 Na6 14. Rxa6 bxa6 15. Nxc7+ Ke7 16. Bg2 Qb6 17. Nd5+ Kf8 18. Nxb6 Bb7 19. Nxa8 Bd5 20. Qxd5 g6 21. Qd4 Nf6 22. Qxf6 h5 23. Bd6+ Kg8 24. Be5 Rh7 25. Qd8# 1-0

[Event "IECC KO-2115"]
[Site "IECC email"]
[Date "2011.09.05"]
[Round "?"]
[White "Nichols, Christopher Alan"]
[Black "D'Aragona, Vittoria"]
[Result "1/2-1/2"]
[WhiteElo "1247"]
[BlackElo "1366"]
[PlyCount "91"]
[EventDate "2011.??.??"]
[EventType "match (corr)"]
[EventRounds "2"]
[SourceTitle "Telechess CBM 149"]
[Source "ChessBase"]
[SourceDate "2012.07.17"]
[SourceVersion "1"]
[SourceVersionDate "2012.07.17"]
[SourceQuality "1"]
[WhiteTeam "US of America"]
[BlackTeam "Italy"]
[WhiteTeamCountry "USA"]
[BlackTeamCountry "ITA"]

1. Nc3 Nf6 2. Nf3 e6 3. d4 Bb4 4. e3 Nd5 5. Bd2 Nxc3 6. bxc3 Be7 7. Bd3 0-0 8. 0-0 d5 9. c4 Nc6 10. Rb1 f5 11. cxd5 exd5 12. Qe2 b6 13. Bc3 a5 14. Bb5 Qd6 15. Rbd1 Nb4 16. a3 c6 17. axb4 cxb5 18. Ra1 Ba6 19. Rfb1 a4 20. Ne5 Qe6 21. Bd2 Rac8 22. c3 Bd6 23. f4 Rf6 24. Ra2 Rh6 25. Qd3 Ra8 26. Be1 Rh5 27. Bg3 Qe8 28. Rba1 Bc8 29. Qe2 Be6 30. Ra3 Rh6 31. Rf1 Be7 32. Qd1 Rh5 33. Rf2 Rh6 34. Rf1 Rh5 35. Ra2 Bd6 36. Qd3 Bxe5 37. fxe5 Rh6 38. Bf4 Rg6 39. Kf2 Rc8 40. g3 Rc4 41. Ra3 Bd7 42. Rc1 Rgc6 43. Qe2 Qe7 44. h4 Be6 45. Bg5 Qe8 46. Qb2 1/2-1/2